000 00430nam a2200157 i 4500
001 35294
003 ES-MaACL
005 20230906155111.0
007 t|
008 030212s1920 fr ||||1| fre d
100 1 _aBoll, Marcel.
_929975
245 1 0 _aPrécis de Physique /
_cpar Marcel Boll.
260 _aParís :
_bDunod,
_c1920 (
_eEvreux :
_fCh. Herissey)
300 _a613 p. :
_bil. ;
_c21 cm.
852 _aES-MaACL
_jB-12483
999 _c35294
_d35294